|
|
|
|
| LEADER |
01534nam a2200397Ia 4500 |
| 001 |
EBC286836 |
| 003 |
MiAaPQ |
| 005 |
20200520144314.0 |
| 006 |
m o d | |
| 007 |
cr cn||||||||| |
| 008 |
061010s2006 dk a sb i000 0 eng d |
| 020 |
|
|
|z 9289022957
|
| 020 |
|
|
|z 9299003718
|
| 020 |
|
|
|z 9789289022958
|
| 035 |
|
|
|a (MiAaPQ)EBC286836
|
| 035 |
|
|
|a (Au-PeEL)EBL286836
|
| 035 |
|
|
|a (CaPaEBR)ebr10161455
|
| 035 |
|
|
|a (CaONFJC)MIL84177
|
| 035 |
|
|
|a (OCoLC)476039066
|
| 040 |
|
|
|a MiAaPQ
|c MiAaPQ
|d MiAaPQ
|
| 050 |
|
4 |
|a RA410.55.B28
|b H4358 2006
|
| 110 |
2 |
|
|a World Health Organization.
|b Regional Office for Europe.
|
| 245 |
1 |
0 |
|a Health and economic development in South-eastern Europe
|h [electronic resource].
|
| 260 |
|
|
|a Copenhagen :
|b World Health Organization, Regional Office for Europe,
|c 2006.
|
| 300 |
|
|
|a i, 137 p. :
|b ill.
|
| 504 |
|
|
|a Includes bibliographical references.
|
| 533 |
|
|
|a Electronic reproduction. Ann Arbor, MI : ProQuest, 2016. Available via World Wide Web. Access may be limited to ProQuest affiliated libraries.
|
| 650 |
|
0 |
|a Economic development
|x Health aspects.
|
| 651 |
|
0 |
|a Balkan Peninsula
|x Economic policy.
|
| 651 |
|
0 |
|a Europe
|x Economic conditions
|v Case studies.
|
| 655 |
|
4 |
|a Electronic books.
|
| 710 |
2 |
|
|a Council of Europe Development Bank.
|
| 710 |
2 |
|
|a South-Eastern Europe Health Network.
|
| 710 |
2 |
|
|a World Health Organization.
|
| 710 |
2 |
|
|a ProQuest (Firm)
|
| 856 |
4 |
0 |
|u https://ebookcentral.proquest.com/lib/matrademy/detail.action?docID=286836
|z Click to View
|